00450nam a2200097Ia 4500008004100000100002200041245016500063260004900228650001400277856006100291160909s9999 xx 000 0 und d aMiller, Marvin J. aServing people with intellectual disabilities: A comparative investigation of the perception of family caregivers and Kansas Ministry Network credential holders bAssemblies of God Theological Seminaryc2016 aEDUC/SPED uhttp://pqdtopen.proquest.com/doc/1784003049.html?FMT=ABS